Online
Catalog

Índice general de los papeles del Consejo de Indias / (Record no. 32960)

MARC details
000 -CABECERA
campo de control de longitud fija 01081nam a2200277 a 4500
001 - NÚMERO DE CONTROL
campo de control 000033469
003 - IDENTIFICADOR DEL NÚMERO DE CONTROL
campo de control OSt
005 - FECHA Y HORA DE LA ÚLTIMA TRANSACCIÓN
campo de control 20201030150529.0
008 - DATOS DE LONGITUD FIJA--INFORMACIÓN GENERAL
campo de control de longitud fija 110830s1923 dr 000 0 spa d
040 ## - FUENTE DE LA CATALOGACIÓN
Centro catalogador/agencia de origen DO-SdBNP
Lengua de catalogación spa
Centro/agencia transcriptor BNPHU
049 ## - FONDOS LOCALES (OCLC)
Fondos de biblioteca BNPD
082 74 - NÚMERO DE LA CLASIFICACIÓN DECIMAL DEWEY
Número de clasificación 970.016
Número de documento/Ítem I39g
Número de edición 22
245 00 - MENCIÓN DE TÍTULO
Título Índice general de los papeles del Consejo de Indias /
Mención de responsabilidad, etc. en virtud de acuerdo de la Real academia de la historia, por los académicos de número,.
260 ## - PUBLICACIÓN, DISTRIBUCIÓN, ETC.
Lugar de publicación, distribución, etc. Madrid :
Nombre del editor, distribuidor, etc. Revista de Archivos, Bibliotecas y Museos,
Fecha de publicación, distribución, etc. 1923-26.
300 ## - DESCRIPCIÓN FÍSICA
Extensión 6v. ;
Dimensiones 23 cm.
490 1# - MENCIÓN DE SERIE
Mención de serie Documentos inéditos de ultramar
500 ## - NOTA GENERAL
Nota general Incluye referencias bibliográficas y notas al pie de las páginas
651 #4 - PUNTO DE ACCESO ADICIONAL DE MATERIA--NOMBRE GEOGRÁFICO
Nombre geográfico América Latina
Subdivisión general Historia
9 (RLIN) 1786
651 #4 - PUNTO DE ACCESO ADICIONAL DE MATERIA--NOMBRE GEOGRÁFICO
Nombre geográfico España
Subdivisión general Colonias
Subdivisión geográfica América
9 (RLIN) 58954
651 #4 - PUNTO DE ACCESO ADICIONAL DE MATERIA--NOMBRE GEOGRÁFICO
Nombre geográfico España
Subdivisión general Colonias
-- Administración
9 (RLIN) 34070
700 12 - PUNTO DE ACCESO ADICIONAL--NOMBRE DE PERSONA
Nombre de persona Altolaguirre y Duvale, Ángel de
Fechas asociadas al nombre 1857-1939
Término indicativo de función/relación ed.
9 (RLIN) 59000
710 2# - PUNTO DE ACCESO ADICIONAL--NOMBRE DE ENTIDAD CORPORATIVA
Nombre de entidad corporativa o nombre de jurisdicción como elemento de entrada Consejo de Indias (España)
9 (RLIN) 34862
830 #0 - PUNTO DE ACCESO ADICIONAL DE SERIE-TÍTULO UNIFORME
Título uniforme Documentos inéditos de ultramar
9 (RLIN) 59001
910 ## - DATOS DE OPCIÓN DEL USUARIO (OCLC)
Datos de opción del usuario Validado. Control de calidad MFF
942 ## - ELEMENTOS DE PUNTO DE ACCESO ADICIONAL (KOHA)
Fuente del sistema de clasificación o colocación Dewey Decimal Classification
Tipo de ítem Koha Libro
Holdings
Estado de retiro Estado de pérdida Fuente del sistema de clasificación o colocación No para préstamo Código de colección Localización permanente Ubicación/localización actual Ubicación en estantería Fecha de adquisición Número de inventario Total de préstamos Signatura topográfica completa Código de barras Fecha visto por última vez Precio válido a partir de Tipo de ítem Koha Restricciones de uso Nota pública
    Dewey Decimal Classification Excluido de préstamo Raros y valiosos Patrimonio Dominicano Patrimonio Dominicano Depósito 30.08.2011 LF1   BNPHU PD-RV 970.016 I39g v. 1 33469-10 25.06.2020 25.06.2020 No se presta    
      Excluido de préstamo Raros y valiosos Patrimonio Dominicano Patrimonio Dominicano Depósito 30.08.2011 LF1   v. 3 33469-30 25.06.2020 25.06.2020 No se presta   Perteneció a la biblioteca personal de Julio Ortega Frier.
      Excluido de préstamo Raros y valiosos Patrimonio Dominicano Patrimonio Dominicano En catalogación 30.08.2011 LF1   v. 4 33469-40 25.06.2020 25.06.2020 No se presta    
      Excluido de préstamo Raros y valiosos Patrimonio Dominicano Patrimonio Dominicano Depósito 30.08.2011 LF1   v. 2 33469-50 25.06.2020 25.06.2020 No se presta    
      Excluido de préstamo Raros y valiosos Patrimonio Dominicano Patrimonio Dominicano Depósito 30.08.2011 LF1   v. 6 33469-60 25.06.2020 25.06.2020 No se presta   Perteneció a la biblioteca personal de Julio Ortega Frier.

Powered by Koha